Research ethics for counsellors, nurses and social workers
Saved in:
| Main Author: | |
|---|---|
| Format: | Book |
| Language: | English |
| Published: |
Sage Publications
2014
|
| Tags: |
Add Tag
No Tags, Be the first to tag this record!
|
MARC
| LEADER | 00000nam a22000007a 4500 | ||
|---|---|---|---|
| 008 | 210122b ||||| |||| 00| 0 eng d | ||
| 020 | |a 978-1-4462-5336-6 | ||
| 100 | |a DANCHEV, Dee. | ||
| 245 | |a Research ethics for counsellors, nurses and social workers |c Dee Dancher & Alistair Ross |g x: 142p; ill. | ||
| 260 | |b Sage Publications |c 2014 |h Los Angeles |i 692773 |i 692774 |l BF636.67 .D19 |m Research – Moral and ethical aspects – Study and teaching. |m Counsellors – Professional ethics – Study and teaching |m Nursing ethics – Study and teaching |m Social workers – Professional ethics – Study and teaching. | ||
| 942 | |a lcc |c BK |e YUNUSA, A.A. |f 22/01/2021 | ||
| 952 | |0 0 |1 0 |2 lcc |4 0 |6 BF063667 D19 |7 0 |9 1454 |a HOL |b SSL |c AF |d 2021-01-22 |l 0 |o BF636.67 .D19 |p 2021-0251 |r 2021-01-22 00:00:00 |w 2021-01-22 |y BK | ||
| 952 | |0 0 |1 0 |2 lcc |4 0 |6 BF063667 D19 |7 0 |9 1455 |a HOL |b HOL |c AF |d 2021-01-22 |l 0 |o BF636.67 .D19 |p 2021-0252 |r 2021-01-22 00:00:00 |w 2021-01-22 |y BK | ||
| 999 | |c 760 |d 760 | ||